000 00562nam a2200169Ia 4500
003 GCL
008 140319s9999 xx 000 0 ara d
040 _aGCL /
_cGCL
082 0 4 _a953.0721
_bس د
100 1 _aسعدون نصرالله
245 1 0 _aدول الادارسة فى المغرب والاندلس: القسم الثانى /
_cسعدون نصرالله
300 _a111 ص
490 _aالهيئة العامة للاستعلامات
_v0
650 0 4 _aالتاريخ الاسلامى
650 0 4 _aدولة الادارسة
942 _2ddc
_cBK
999 _c49480
_d49480